Name the Gamecube Game - Statistics

General Stats
  • This quiz has been taken 17 times
  • The average score is 11 of 20
Answer Stats
Description Game % Correct
Oh no, Mario has been kidnapped by ghosts! Luigi must come to the rescue with the help of his trusty vacuum Luigi's Mansion
88%
Have twice the fun racing with two characters on the cart, with both able to carry items. Ride the famous rainbow road again Mario Kart: Double Dash
88%
Battle zombies as Leon Kennedy while trying to protect the president'sdaughter Ashley Resident Evil 4
88%
Mario must clean up Delphino Plaza with the help of FLUDD after his shadow counter-part creates a mess and leaves him to take the blame Super Mario Sunshine
88%
Samus Aran goes 3D to fight Ridley and space pirates in a first-personperspective Metroid Prime
81%
Battle up to three friends on stages representing their character's franchises. Use items like baseball bats, parasols and pokeballs to blast them off screen Super Smash Bros Melee
81%
Sail the high seas on a talking boat to restore the master sword and restore EverySingle Piece of the triforce The Legend of Zelda: The Wind Waker
75%
Captain Olimar must use the titular native creatures to find and repair his ship to get him home after a crash landing on their planet in this real time strategy puzzle game Pikmin
69%
Roll around as one of four monkeys to reach the goal, race, or play various minigames such as target test or mini-golf. Super Monkey Ball
69%
In the first (English) game of a storied franchise, live your fantasy life out in a village filled with animal friends. Do daily activities and events based on real life events using the consoles clock. Animal Crossing
56%
Link is accompanied by Midna and has a new wolf form to combat Ganon and rescue Zelda in this title of the long running Zelda series The Legend of Zelda:Twilight Princess
56%
Mario goes 2D in what is considered the best game of the spinoff series Paper Mario: The Thousand Year Door
50%
Fox and new character Krystal must investigate the invasion of the dinosaur planet Sauria in the Lylat System, exploring on foot Star Fox Adventures
50%
Race as Captain Falcon in this incredibly fast-paced racing game sequel for the system. And remember, you got Boost Power! F-Zero GX
44%
Lloyd Irving and his childhood friend Colette must save the world of Sylvarant in a game of a long running series that has many Tales Tales of Symphonia
44%
Young Ike takes over the Greil Mercenaries after his father's death to defeat Daien and the evil King Ashnard in this storied turn-based combat series Fire Emblem: Path of Radiance
31%
Wes and Rui try to take down team Snag'em in this unique Pokémon game that lets you snag other trainers shadow pokemon and cleanse their hearts. Pokemon Colosseum
31%
Average movie-goer Joe must rescue his girlfriend after she is taken into the world of the movie by the evil Jadow with the help of Captain Blue Viewtiful Joe
25%
Play as several different characters in a generational fight between gods survival horror style. Spell casting and puzzle solving abound. Eternal Darkness: Sanity's Requiem
19%
Bust out Uber Moves down the slopes as you race or get points in the new showoff mode in the second game of this long running snowboarding franchise SSX Tricky
6%
No matching quizzes found
Score Distribution
Percent of People with Each Score
Percentile by Number Answered
Your Score History
You have not taken this quiz